000 00832nam a22002057a 4500
005 20170517092453.0
008 131213b2016 ck abd||r|||| 00| 0 spa d
022 _a2346-4089
040 _aCO-BoIAVH
_cCO-BoIAVH
041 0 _aspa
044 _ack
082 0 4 _a630
_bA63a1
245 0 0 _aAnuario estadístico del sector agropecuario 2014 :
_bresultados evaluaciones agropecuarias municipales
260 _aBogotá (Colombia) :
_bMinisterio de Agricultura y Desarrollo Rural,
_c2016.
300 _a286 páginas :
_bilustraciones a color, tablas y mapas ;
_c28 x 21 cm. +
_e1 tarjeta USB
650 2 6 _aAgricultura
_vEstadísticas
_vPublicaciones seriadas
_zColombia
_y2014
651 _aColombia
_vPublicaciones seriadas
710 1 _aColombia
_bMinisterio de Agricultura y Desarrollo Rural
942 _2ddc
_cLIBRO
999 _c19501
_d19501